000 00342 a2200157 4500
001 177832
020 _a
040 _cMagnum
100 _aNicola, José de
240 1 0 _aPraticas de linguagem/v.4
_lpor
245 1 0 _aPraticas de linguagem/v.4
362 0 _a1899
440 1 _aScipione
697 _aMAGNITO: PARADIDATICO
942 _cBK
999 _c177832
_d177832